000 01141cad a22002775a 4500
001 L156486
008 120528e20120217xxkd f s 000 0 eng d
035 _a(Sirsi) u156486
041 0 _aeng
110 2 _aRoyal Institution of Chartered Surveyors
_bEconomics
_95033
245 0 0 _aRICS global real estate weekly
_b25 May 2012
_h[electronic resource]
260 _aLondon
_bRICS
_c2012
490 0 _aRICS Global Real Estate Weekly
_v25 May 2012
520 _aFrench house building is likely to come under pressure in the near term. US construction sector shows signs of life. National Bank of Poland rate hike not the beginning of a tightening cycle. Risks over Hong Kong's property market are emerging.
590 _aKA
650 2 4 _aRICS GLOBAL REAL ESTATE WEEKLY
651 4 _aFrance
651 4 _aUnited Kingdom
651 4 _aPoland
651 4 _aHong Kong
690 _aCommercial property
_96227
690 _aConstruction management
_96230
690 _aResidential property
_96266
856 4 0 _uhttps://www.rics.org/site/download_feed.aspx?fileID=12001&fileExtension=PDF
_zView the report at www.rics.org
942 _n0
999 _c114272
_d114272